Fotogrametría terrestre y aérea / (Record no. 140465)

MARC details
000 -LEADER
campo de control de longitud fija 00592nam a2200169 4500
001 - NÚMERO DE CONTROL
campo de control 140465
003 - IDENTIFICADOR DE NÚMERO DE CONTROL
campo de control ES-MaACL
005 - FECHA Y HORA DE LA ÚLTIMA TRANSACCIÓN
campo de control 20230906200101.0
007 - CAMPO FIJO DE DESCRIPCIÓN FÍSICA--INFORMACIÓN GENERAL
campo de control de longitud fija t|
008 - DATOS DE LONGITUD FIJA--INFORMACIÓN GENERAL
campo de control de longitud fija 070214s1943 sp r ||||1| spa d
100 1# - ENTRADA PRINCIPAL--NOMBRE DE PERSONA
Nombre de persona Schwidelsky, K.
9 (RLIN) 104912
245 10 - MENCIÓN DEL TÍTULO
Título Fotogrametría terrestre y aérea /
Mención de responsabilidad, etc. K. Schwidelsky ; versión de la tercera edición alemana, con un apéndice y notas de José Cubillo Fluiters.
260 ## - PUBLICACIÓN, DISTRIBUCIÓN, ETC.
Lugar de publicación, distribución, etc. Barcelona :
Nombre del editor, distribuidor, etc. Labor,
Fecha de publicación, distribución, etc. 1943.
300 ## - DESCRIPCIÓN FÍSICA
Extensión VIII, 254 p., 3 lám. :
Otras características físicas il. ;
Dimensiones 23 cm.
700 1# - ENTRADA AGREGADA--NOMBRE PERSONAL
Nombre de persona Cubillo Fluiters, José.
9 (RLIN) 41946
852 ## - LOCALIZACIÓN
Ubicación ES-MaACL
Número de control de estantería B-10298
Sublocalización o colección R.21970
Holdings
Estatus retirado Estado de pérdida Estado de daño No para préstamo Biblioteca de origen Biblioteca actual Ubicación en estantería Fecha de adquisición Fuente de adquisición Total de préstamos Signatura topográfica completa Código de barras Visto por última vez Precio de reemplazo Tipo de ítem Koha
        Biblioteca del Ateneo de Madrid Biblioteca del Ateneo de Madrid Sala Pardo Bazán 17/01/2008     B-10298 1146173 23/02/2023 23/02/2023 Libro impreso